00818cam a22002171 450000100060000000300080000600500170001400800390003102000150007003500190008504000320010404100080013608200200014410000430016424502150020726000270042230000550044935000090050450400490051365100380056224829BD-RjUL20211209001113.0140315s1968 enkabch b 001 0 eng a072063850X a(BD-RjUL)24898 aDLCcDLCdDLCdBD-RjULbeng aeng00a942.120072bRUH1 aRubinstein, Stanley J.q(Stanley Jack)10aHistorians of London:ban account of the many surveys, histories, perambulations, maps and engravings made about the city and its environs, and of the dedicated Londoners who made themc[by] Stanley Rubinstein. aLondon :bOwen,c1968. a239 p. :billus., facsims., maps, ports. ;c26 cm. a72/6 aIncludes Bibliography: p. 219-226 and index. 0aLondon (England)xHistoriography.